О сертификации образовательной деятельности; Образовательный стандарт нового поколения. Организационно-технологическое и материально-техническое обеспечение

Chi tiết về thư mục
Parent link:Образовательный стандарт нового поколения. Организационно-технологическое и материально-техническое обеспечение.— 2001.— С. 29-30.
Tác giả chính: Горячев Б. В.
Tác giả khác: Могильницкий С. Б.
Ngôn ngữ:Tiếng Nga
Được phát hành: 2001
Những chủ đề:
Định dạng: Chương của sách
KOHA link:https://koha.lib.tpu.ru/cgi-bin/koha/opac-detail.pl?biblionumber=79553

MARC

LEADER 00000naa2a2200000 4500
001 79553
005 20231031094318.0
035 |a (RuTPU)RU\TPU\book\85524 
090 |a 79553 
100 |a 20050822d2001 k y0rusy50 ca 
101 0 |a rus 
102 |a RU 
200 1 |a О сертификации образовательной деятельности  |f Б. В. Горячев, С. Б. Могильницкий 
463 0 |0 (RuTPU)RU\TPU\book\38730  |t Образовательный стандарт нового поколения. Организационно-технологическое и материально-техническое обеспечение  |o Труды научно-практической конференции  |f Томский политехнический университет; Образовательный стандарт нового покаления. Организационно-технологическое и материально-техническое обеспечение  |v С. 29-30.  |d 2001  |p 152 с. 
610 1 |a образование 
610 1 |a сертификация 
610 1 |a качество 
610 1 |a управление качеством 
610 1 |a образовательные услуги 
610 1 |a труды учёных ТПУ 
700 1 |a Горячев  |b Б. В. 
701 1 |a Могильницкий  |b С. Б. 
801 1 |a RU  |b 63413507  |c 20050822  |g PSBO 
942 |c BK